| 000 | 00657nam a2200217Ii 4500 | ||
|---|---|---|---|
| 001 | 11468 | ||
| 003 | CO-ViMGA | ||
| 008 | 241108s9999||||xx |||||||||||||| ||und|| | ||
| 020 | _a9589235239 | ||
| 040 |
_aCO-ViMGA _bspa _erda _cCO-ViMGA |
||
| 041 | 0 | _aunk | |
| 082 | 0 | 4 | _aA863.44-P27t |
| 100 | 1 |
_aAndrés Peralta Gómez _953493 |
|
| 245 | 1 | 0 | _aAnálisis literario de El túnel. Ernesto Sábato |
| 264 | 1 | _a[Lugar de publicación no identificado] : Esquilo, 1998 | |
| 300 | _avolumen | ||
| 336 |
_atext _btxt _2rdacontent |
||
| 337 |
_aunmediated _bn _2rdamedia |
||
| 338 |
_avolume _bnc _2rdacarrier |
||
| 940 | _aidficha_siabuc: 11194. -- ficha_no_siabuc:11468 | ||
| 999 |
_c50146 _d50146 |
||